Normal view
MARC view
- MATHEMATICAL LOGIC.INTRODUCTION TO LOGIC
Entry Topical Term
001 - CONTROL NUMBER
- control field: 64881
003 - CONTROL NUMBER IDENTIFIER
- control field: NUST
005 - DATE AND TIME OF LATEST TRANSACTION
- control field: 20210628203339.0
008 - FIXED-LENGTH DATA ELEMENTS
- fixed length control field: 210628|| aca||aabn | a|a d
040 ## - CATALOGING SOURCE
- Original cataloging agency: NUST
- Transcribing agency: NUST
150 ## - HEADING--TOPICAL TERM
- Topical term or geographic name entry element: MATHEMATICAL LOGIC.INTRODUCTION TO LOGIC
670 ## - SOURCE DATA FOUND
- Source citation: Work cat.: (NUST): Enderton, Herbert.B 39092, A mathematical introduction to logic, 2010
